[Event "Mestre Cipressina op-A 5th"]
[Site "Mestre"]
[Date "2016.11.25"]
[Round "1"]
[White "Mileto, Gabriele"]
[Black "Pierrat, Marco"]
[Result "1-0"]
[WhiteElo "2110"]
[BlackElo "1749"]
[PlyCount "69"]
[EventDate "2016.11.25"]
[EventType "swiss"]
[EventRounds "5"]
[EventCountry "ITA"]
[SourceTitle "EXT 2022"]
[Source "ChessBase"]
[SourceDate "2021.10.06"]
[SourceVersion "1"]
[SourceVersionDate "2021.10.06"]
[SourceQuality "1"]

1. d4 Nf6 2. c4 g6 3. Nc3 d5 4. cxd5 Nxd5 5. e4 Nxc3 6. bxc3 Bg7 7. Bc4 0-0 8. Ne2 c5 9. 0-0 Nc6 10. Be3 Bg4 11. f3 cxd4 12. cxd4 Na5 13. Bd3 Be6 14. d5 Bxa1 15. Qxa1 f6 16. Rb1 b6 17. Bh6 Re8 18. Nf4 Bd7 19. e5 Rc8 20. Qd4 Qc7 21. e6 Qc5 22. Qxc5 Rxc5 23. exd7 Rd8 24. Bb5 Nc4 25. Ba4 a6 26. Bc6 Ne5 27. Rxb6 g5 28. Ne6 Rc1+ 29. Kf2 Nxd7 30. Rb7 Nc5 31. Rxe7 Nxe6 32. dxe6 Rxc6 33. Rg7+ Kh8 34. e7 Rg8 35. Rxg8+ 1-0

[Event "Mestre Cipressina op-A 4th"]
[Site "Mestre"]
[Date "2015.11.28"]
[Round "2"]
[White "Bortolotto, Denzio"]
[Black "Pierrat, Marco"]
[Result "1/2-1/2"]
[WhiteElo "1827"]
[BlackElo "1711"]
[PlyCount "112"]
[EventDate "2015.11.27"]
[EventType "swiss"]
[EventRounds "5"]
[EventCountry "ITA"]
[SourceTitle "EXT 2022"]
[Source "ChessBase"]
[SourceDate "2021.10.06"]
[SourceVersion "1"]
[SourceVersionDate "2021.10.06"]
[SourceQuality "1"]

1. d4 Nf6 2. Nf3 g6 3. g3 c5 4. c3 Qb6 5. Bg2 Bg7 6. 0-0 0-0 7. Qc2 d5 8. dxc5 Qxc5 9. Nbd2 Nc6 10. Nb3 Qb6 11. Bf4 Bf5 12. Qd1 Rad8 13. Be3 Qc7 14. Nfd4 Nxd4 15. Nxd4 Bc8 16. Qb3 a6 17. Nf3 Qc6 18. Rad1 Ng4 19. Bb6 Rd6 20. Ba5 b6 21. Bb4 Rd7 22. h3 Nh6 23. e3 Bb7 24. Rd2 Rfd8 25. Rc1 Qc4 26. Rcd1 Qc7 27. Ne1 e6 28. Nc2 Nf5 29. Nd4 Nxd4 30. cxd4 Rc8 31. Bf1 Qd8 32. Ba3 Rc6 33. Rc2 Rxc2 34. Qxc2 Rc7 35. Qd2 Qc8 36. Bd3 a5 37. b3 Ba6 38. Bxa6 Qxa6 39. Rc1 Qc8 40. Rxc7 Qxc7 41. Qc1 Qxc1+ 42. Bxc1 Bf8 43. Kf1 Bd6 44. Ke2 Kf8 45. Kd3 b5 46. Bd2 Bc7 47. e4 f5 48. e5 Bd8 49. h4 Ke8 50. f3 Kd7 51. Bg5 Bb6 52. g4 b4 53. Be3 Kc6 54. h5 Kb5 55. hxg6 hxg6 56. gxf5 gxf5 1/2-1/2